Harry Potter - E - Statistiques

Statistiques générales
  • Ce quiz a été pris 137 fois
    96 depuis la dernière actualisation
  • Le résultat moyen est 5 sur 10
Statistiques - réponses
Définition Nom % Correct
Acteur de Hermione Emma Watson
96%
Dobby en est un Elfe de maison
95%
Créature se transformantEn la plus grande peur De celui qui la regarde Épouvantard
93%
Sortillège de torture Endoloris
81%
Arme avec laquelleHarry tu le basilic Épée de Gryffondor
72%
Acteur de Trelawney Emma Thompson
31%
Mention au dessus deAcceptable Effort exceptionnelle
17%
Acteur de Luna Evanna linch
12%
Contre-sort du stupéfix Enervatum
11%
Membre de l'ordre du Phénix Elphias doge
0%
Aucun quiz correspondant
Distribution des résultats
% des personnes avec chaque résultat
Percentile par nombre de réponses
Votre historique - résultats
Vous n’avez pas pris ce quiz depuis la dernière actualisation